Элементы одежды - Армагеддон - Statistics

General Stats
  • This quiz has been taken 109 times
  • The average score is 6 of 22
Answers on the Grid
Answers color-coded by a green-red scale on the quiz's grid according to % correct below.
Фрейлина
Карман
Наплечник
Кофр
Кокарда
Запонка
Хомут
Штанина
Козлы
Рукав
Гульфик
Пенсне
Накидка
Капюшон
Пояс
Манишка
Козырёк
Визирь
Шпингалет
Передник
Манжета
Наручи
Эполет
Лампас
Воротник
Подшипник
Пуговица
Брошь
Корсет
Шарнир
Эфес
Градиент
Аксельбант
Шаланда
Наколенник
Туес
Кистень
Вига
Плюмаж
Багор
 
Answer Stats
Answer % Correct
Карман
83%
Наплечник
67%
Штанина
60%
Рукав
60%
Запонка
48%
Капюшон
36%
Пояс
34%
Манжета
24%
Воротник
24%
Пуговица
22%
Гульфик
19%
Манишка
19%
Кокарда
17%
Козырёк
17%
Корсет
16%
Лампас
14%
Наколенник
10%
Аксельбант
5%
Брошь
3%
Эполет
2%
Наручи
0%
Плюмаж
0%
No matching quizzes found
Score Distribution
Percent of People with Each Score
Percentile by Number Answered
Your Score History
You have not taken this quiz